Digital technology distraction for acute pain in children : systematic review and meta-analysis /

Systematic review of digital technology distraction for children's pain suggesting that healthcare providers should consider digital and non-digital distractors to reduce procedural pain and distress.

Bibliographic Details
Other Authors: Ali, Samina (Speaker)
Format: Video
Language:English
Language Notes:In English.
Published: Itasca, IL : American Academy of Pediatrics, 2019.
Series:Academic Video Online
Subjects:
Online Access:Connect to this streaming video (Alexander Street Press)

MARC

Tag First Indicator Second Indicator Subfields
LEADER 00000cgm a2200000Mi 4500
001 in00005578607
006 m o c
007 cr |n||||||||a
007 vz |za|z|
008 210630s2019 ilu005 e o vneng d
005 20241201232500.4
035 |a (OCoLC)on1264101755 
040 |a ALSTP  |b eng  |e rda  |c ALSTP  |d OCLCO  |d OCLCF  |d OCLCO  |d OCLCQ  |d NUI 
019 |a 1373496655  |a 1430838126  |a 1443943527 
035 |a (OCoLC)1264101755  |z (OCoLC)1373496655  |z (OCoLC)1430838126  |z (OCoLC)1443943527 
049 |a TXAM 
245 0 0 |a Digital technology distraction for acute pain in children :  |b systematic review and meta-analysis /  |c American Academy of Pediatrics. 
264 1 |a Itasca, IL :  |b American Academy of Pediatrics,  |c 2019. 
300 |a 1 online resource (5 minutes) 
306 |a 000415 
336 |a two-dimensional moving image  |b tdi  |2 rdacontent 
337 |a computer  |b c  |2 rdamedia 
337 |a video  |b v  |2 rdamedia 
338 |a online resource  |b cr  |2 rdacarrier 
347 |a video file  |2 rda 
490 0 |a Academic Video Online 
500 |a Title from resource description page (viewed July 22, 2021). 
520 |a Systematic review of digital technology distraction for children's pain suggesting that healthcare providers should consider digital and non-digital distractors to reduce procedural pain and distress. 
546 |a In English. 
650 0 |a Pain in children. 
650 0 |a Pain  |x Psychological aspects. 
650 0 |a Pain  |x Treatment  |x Technological innovations. 
650 0 |a Medical innovations. 
650 0 |a Robotics in medicine. 
650 6 |a Douleur chez l'enfant. 
650 6 |a Douleur  |x Aspect psychologique. 
650 6 |a Douleur  |x Traitement  |x Innovations. 
650 6 |a Médecine  |x Innovations. 
650 6 |a Robotique en médecine. 
650 7 |a Medical innovations.  |2 fast  |0 (OCoLC)fst01014181 
650 7 |a Pain in children.  |2 fast  |0 (OCoLC)fst01050421 
650 7 |a Pain  |x Psychological aspects.  |2 fast  |0 (OCoLC)fst01050403 
650 7 |a Robotics in medicine.  |2 fast  |0 (OCoLC)fst01099025 
655 7 |a Educational films.  |2 fast  |0 (OCoLC)fst01726235 
655 7 |a Educational films.  |2 lcgft 
655 7 |a Films éducatifs.  |2 rvmgf 
700 1 |a Ali, Samina,  |e speaker. 
710 2 |a American Academy of Pediatrics,  |e publisher. 
856 4 0 |u http://proxy.library.tamu.edu/login?url=https://www.aspresolver.com/aspresolver.asp?MARC;5115169  |z Connect to this streaming video (Alexander Street Press)  |t 0 
955 |a Alexander Street Press subscription streaming video 
994 |a 92  |b TXA 
999 f f |s 69d38f59-6a76-4ec6-b3a6-33dd786efa29  |i e82bfb73-2459-45ea-8c99-11b934cedfe4  |t 0 
952 f f |a Texas A&M University  |b College Station  |c Electronic Resources  |d Available Online  |t 0  |h Library of Congress classification 
998 f f |t 0  |l Available Online